Chuyển đến nội dung
我的帐户
退出
登录
语言
English
Deutsch
Español
Français
Italiano
日本語
Nederlands
Português
Português (Brasil)
中文(简体)
中文(繁體)
Türkçe
עברית
Gaeilge
Cymraeg
Ελληνικά
Català
Euskara
Русский
Čeština
Suomi
Svenska
polski
Dansk
slovenščina
اللغة العربية
বাংলা
Galego
Tiếng Việt
Hrvatski
हिंदी
全文检索
题名
作者
主题
索引号
ISBN/ISSN
标签
检索
高级检索
检索
Bố cái Đại Vương
职员浏览
引用
推荐此
打印
导出纪录
导出到 RefWorks
导出到 EndNoteWeb
导出到 EndNote
导出到 MARC
导出到 MARCXML
导出到 RDF
导出到 BibTeX
导出到 RIS
加到收藏夹
Bố cái Đại Vương
Đã lưu trong:
书目详细资料
格式:
图书
语言:
Undetermined
主题:
Vietnam
Biography
标签:
添加标签
没有标签, 成为第一个标记此记录!
Thư viện lưu trữ:
Trung tâm Học liệu Trường Đại học Cần Thơ
持有资料
实物特征
您的评论
相似书籍
职员浏览
LEADER
00370nam a2200145Ia 4500
001
CTU_102278
008
210402s9999 xx 000 0 und d
082
|a
959.7092
082
|b
B450
245
0
|a
Bố cái Đại Vương
650
|a
Vietnam
650
|x
Biography
904
|i
M.Loan
915
|a
900
980
|a
Trung tâm Học liệu Trường Đại học Cần Thơ
相似书籍
Vương triều cuối cùng
出版: (2007)
Nhà cải cách đầu tiên
Đại Nam chính biên liệt truyện; T4
由: Quốc sử quán triều Nguyễn
出版: (1993)
Đại Nam liệt truyện tiền biên; T1
由: Quốc sở quán triều Nguyễn
出版: (1993)
Đại Nam chính biên liệt truyện; T2
由: Quốc sử quán triều Nguyễn
出版: (1993)
载入...